000 00350nam a2200121Ia 4500
008 180205s9999 xx 000 0 und d
020 _a9781474412919
100 _aPiller, Ingrid
245 _aIntercultural Communication :
_bA critical introduction
250 _a2nd ed
260 _aUK :
_bEdinburgh university press
_c2017
300 _aix, 227 pages
999 _c354928
_d354928